Safeguards and antidumping in Latin American trade liberalization : Fighting fire with fire

Until the 1990s, the main users of safeguards and antidumping laws were Australia, Canada, the European Union, and the United States. Since then, many countries have implemented such laws, leading to a proliferation in antidumping and safeguard activity across the world. This timely book documents t...

وصف كامل

محفوظ في:
التفاصيل البيبلوغرافية
التنسيق: كتاب
اللغة:Undetermined
منشور في: Washington, DC World Bank 2006
الموضوعات:
الوسوم: إضافة وسم
لا توجد وسوم, كن أول من يضع وسما على هذه التسجيلة!
Thư viện lưu trữ: Trung tâm Học liệu Trường Đại học Cần Thơ
LEADER 01353nam a2200193Ia 4500
001 CTU_190287
008 210402s9999 xx 000 0 und d
082 |a 382.73098 
082 |b S128 
245 0 |a Safeguards and antidumping in Latin American trade liberalization : 
245 0 |b Fighting fire with fire 
245 0 |c J. Micheal Finger, Julio J. Nogués (edited) 
260 |a Washington, DC 
260 |b World Bank 
260 |c 2006 
520 |a Until the 1990s, the main users of safeguards and antidumping laws were Australia, Canada, the European Union, and the United States. Since then, many countries have implemented such laws, leading to a proliferation in antidumping and safeguard activity across the world. This timely book documents the political economy surrounding the implementation of these laws in seven Latin American countries and provides details on the institutions created, implementation of the laws, and subsequent activity. It finds that, in the larger political context, antidumping and safeguards are a necessary quid p. 
650 |a Protectionism,Foreign trade regulation,Dumping (International trade),Chủ nghĩa bảo hộ,Bán phá giá (Thương mại quốc tế),Quy định thương mại nước ngoài 
904 |i Trúc 
980 |a Trung tâm Học liệu Trường Đại học Cần Thơ